Le cercle des arénes

Сохранить в:
Библиографические подробности
Главный автор: Fournier, Roger
Формат:
Язык:Undetermined
Опубликовано: París, Francia Albin Michel 1982
Предметы:
Метки: Добавить метку
Нет меток, Требуется 1-ая метка записи!

MARC

LEADER 00000nam a2200000Ia 4500
008 170316s9999 xx 000 0 und d
040 |a cru BVZT 
090 |a 818 F-6c 
100 |a Fournier, Roger 
245 |a Le cercle des arénes 
260 |a París, Francia 
260 |b Albin Michel 
260 |c 1982 
300 |a 272 páginas 
650 |a LITERATURA CANADIENSE 
999 |c 6426  |d 6426 
942 |c 15 D  |h 818 F-6c  |2 z